| 000 | 00376nas a22001697i 4500 | ||
|---|---|---|---|
| 999 |
_c6655 _d6655 |
||
| 001 | 7860 | ||
| 003 | OSt | ||
| 005 | 20181001125941.0 | ||
| 007 | tu | ||
| 008 | 161220s xxu||||| |||| 00| 0 d | ||
| 024 | 7 |
_a7860 _2RID |
|
| 040 | _cOSt | ||
| 110 | 2 | _aUkrainisches Ministerium für Statistik | |
| 245 | 0 | 0 | _aStatistical Bulletin of Ukraine |
| 651 | _aUkraine | ||
| 942 | _cST | ||